Digital systems: principles and applications / (Record no. 164965)

MARC details
000 -LEADER
fixed length control field 00889nam a22002417a 4500
005 - DATE AND TIME OF LATEST TRANSACTION
control field 20190715114021.0
010 ## - LCCN (DPL NO)
LC control number B-728357
020 ## - INTERNATIONAL STANDARD BOOK NUMBER
Terms of availability 999.00
International Standard Book Number 9788131727249
035 ## - SYSTEM CONTROL NUMBER
System control number B-728357
037 ## - SOURCE OF ACQUISITION
Source of stock number/acquisition RK Books
082 ## - DEWEY DECIMAL CLASSIFICATION NUMBER
Classification number 621.381
100 ## - MAIN ENTRY--PERSONAL NAME
Personal name Tocci,Ronald J.
245 ## - TITLE STATEMENT
Title Digital systems: principles and applications /
Statement of responsibility, etc by Ronald J. Tocci, Neal S. Widmer [and] Gregory L. Moss
250 ## - EDITION STATEMENT
Edition statement 10th ed
260 ## - PUBLICATION, DISTRIBUTION, ETC. (IMPRINT)
Place of publication, distribution, etc New Delhi
Name of publisher, distributor, etc Pearson
Date of publication, distribution, etc 2013
270 ## - ADDRESS
Address 7th Floor, Knowledge Boulevard, A-8(A), Sector-62
City Noida
Postal code 201309
300 ## - PHYSICAL DESCRIPTION
Extent xix, 848p.:
Dimensions 25cm(pbk)
Other physical details ill.
500 ## - GENERAL NOTE
General note includes index
700 ## - ADDED ENTRY--PERSONAL NAME
Personal name Widmer, Neal S.
9 (RLIN) 38132
700 ## - ADDED ENTRY--PERSONAL NAME
Personal name Moss, Gregory L.
942 ## - ADDED ENTRY ELEMENTS (KOHA)
Source of classification or shelving scheme Dewey Decimal Classification
Item type English Books
Classification part 621.381
Call number suffix TOC
Holdings
Withdrawn status Lost status Not for loan Collection code Home library Current library Date acquired Source of acquisition Cost, normal purchase price Full call number Barcode Copy number Cost, replacement price Koha item type
      Non-fiction Vinoba Puri Vinoba Puri 30/05/2019 RK Books/IN393/2019-20/24-05-19/05/20-05-19/28-05-19 999.00 621.381 TOC B-728357 1 999.00 English Books

© Delhi Public Library
Hit Counter
free hit counter